Central Library OPAC University of Rajshahi

CRC handbook of NASA future missions and payloads / (Record no. 50860)

MARC details
000 -LEADER
fixed length control field 01288nam a2200337 a 4500
001 - CONTROL NUMBER
control field 50860
003 - CONTROL NUMBER IDENTIFIER
rucl marc code BD-RjUL
005 - DATE AND TIME OF LATEST TRANSACTION
control field 20211209075557.0
008 - FIXED-LENGTH DATA ELEMENTS--GENERAL INFORMATION
fixed length control field 160828s1986 flua b 001 0 eng
020 ## - INTERNATIONAL STANDARD BOOK NUMBER
International Standard Book Number 0849329302 (set)
International Standard Book Number 0849329310 (v. 1)
International Standard Book Number 0849329329 (v. 2)
035 ## - SYSTEM CONTROL NUMBER
System control number (BD-RjUL)50980
040 ## - CATALOGING SOURCE
Original cataloging agency DLC
Transcribing agency DLC
Modifying agency DLC
Language of cataloging eng
041 ## - LANGUAGE CODE
Language code of text/sound track or separate title eng
082 00 - DEWEY DECIMAL CLASSIFICATION NUMBER
Classification number 387.80973
Edition number 19
Author mark and year HOC 1986
100 1# - MAIN ENTRY--PERSONAL NAME
Personal name Hord, R. Michael,
Dates associated with a name 1940-
9 (RLIN) 152246
245 10 - TITLE STATEMENT
Title CRC handbook of NASA future missions and payloads /
Statement of responsibility, etc. author, R. Michael Hord.
260 ## - PUBLICATION, DISTRIBUTION, ETC. (IMPRINT)
Place of publication, distribution, etc. Boca Raton, Fla. :
Name of publisher, distributor, etc. CRC Press,
Date of publication, distribution, etc. 1986
300 ## - PHYSICAL DESCRIPTION
Pagination v. :
Illustrations ill. ;
Size 27 cm.
500 ## - GENERAL NOTE
General note "Derived from the fifth issue of the NASA space systems technology model published in early 1984"--Pref.
504 ## - BIBLIOGRAPHY, ETC. NOTE
Bibliography, etc Includes bibliographies and indexes.
505 ## - FORMATTED CONTENTS NOTE
Formatted contents note Vol 1 ---
610 10 - SUBJECT ADDED ENTRY--CORPORATE NAME
Corporate name or jurisdiction name as entry element United States.
Subordinate unit National Aeronautics and Space Administration.
650 #0 - SUBJECT ADDED ENTRY--TOPICAL TERM
Topical term or geographic name as entry element Astronautics
General subdivision Research
Geographic subdivision United States.
9 (RLIN) 152248
Topical term or geographic name as entry element Payloads (Aerospace engineering)
Geographic subdivision United States.
9 (RLIN) 152249
830 #0 - SERIES ADDED ENTRY--UNIFORM TITLE
Uniform title NASA space systems technology model ;
Volume number/sequential designation 1984.
856 42 - ELECTRONIC LOCATION AND ACCESS
Materials specified Publisher description
Uniform Resource Identifier <a href="http://www.loc.gov/catdir/enhancements/fy0744/85029151-d.html">http://www.loc.gov/catdir/enhancements/fy0744/85029151-d.html</a>
942 ## - ADDED ENTRY ELEMENTS (KOHA)
Source of classification or shelving scheme Dewey Decimal Classification
Koha item type Books
Holdings
Lost status Source of classification or shelving scheme Damaged status Not for loan Collection code Permanent Location Current Location Shelving location Date acquired Source of acquisition Total Checkouts Full call number Date last seen Copy number Koha item type
  Dewey Decimal Classification     Non-fiction Central Library, University of Rajshahi Central Library, University of Rajshahi   08/01/1990 Asia Foundation U.S.A   387.80973 HOC V-1 1986 28/08/2016 C-2 Books